সুন্দরবনের ইতিহাস / (Record no. 14491)
[ view plain ]
| 000 -LEADER | |
|---|---|
| fixed length control field | 00871nam a22002537a 4500 |
| 001 - CONTROL NUMBER | |
| JCCL Control Number | 14491 |
| 003 - CONTROL NUMBER IDENTIFIER | |
| JCCL marc code | BD-JhCC |
| 005 - DATE AND TIME OF LATEST TRANSACTION | |
| control field | 20251213130008.0 |
| 008 - FIXED-LENGTH DATA ELEMENTS--GENERAL INFORMATION | |
| fixed length control field | 251213b |||||||| |||| 00| 0 eng d |
| 020 ## - INTERNATIONAL STANDARD BOOK NUMBER | |
| International Standard Book Number | 9789848945476 |
| 035 ## - SYSTEM CONTROL NUMBER | |
| system control number | (BD-JhCC)14491 |
| 040 ## - CATALOGING SOURCE | |
| Original cataloging agency | BD-JhCC |
| Modifying agency | BD-JhCC |
| 041 ## - LANGUAGE CODE | |
| Language code of Book | বাংলা |
| 082 ## - DEWEY DECIMAL CLASSIFICATION NUMBER | |
| DDC Edition number | 23 |
| Classification number | 954.92 |
| Author mark and Year | AHA 2012 |
| 100 ## - MAIN ENTRY--PERSONAL NAME | |
| Personal name | আহমেদ, রাজিব |
| 245 ## - TITLE STATEMENT | |
| Title | সুন্দরবনের ইতিহাস / |
| Statement of responsibility, etc | রাজিব আহমেদ |
| 246 ## - VARYING FORM OF TITLE | |
| Title proper/short title | Sundarbanr Itihas |
| 260 ## - PUBLICATION, DISTRIBUTION, ETC. (IMPRINT) | |
| Place of publication, distribution, etc | ঢাকা: |
| Name of publisher, distributor, etc | গতিধারা, |
| Date of publication, distribution, etc | ২০১২ |
| 300 ## - PHYSICAL DESCRIPTION | |
| Pagination | ৫৯৯ পৃ.; |
| Other physical details | ill. |
| Dimensions | ২২ সেমি. |
| Accompanying material | পেপার বাইন্ডিং |
| 650 ## - SUBJECT ADDED ENTRY--TOPICAL TERM | |
| Topical term or geographic name as entry element | সুন্দরবনের ইতিহাস |
| 650 ## - SUBJECT ADDED ENTRY--TOPICAL TERM | |
| Topical term or geographic name as entry element | সুন্দরবনের ইতিহাস |
| 942 ## - ADDED ENTRY ELEMENTS (KOHA) | |
| Source of classification or shelving scheme | Dewey Decimal Classification |
| Koha item type | Books |
| Source of classification or shelving scheme | Damaged status | Not for loan | Collection code | Home library | Current library | Shelving location | Date of accession | Full call number | Barcode | Date last seen | Copy number | Method of acquisition | Koha item type | Currency | Total Checkouts | Date checked out |
|---|---|---|---|---|---|---|---|---|---|---|---|---|---|---|---|---|
| Dewey Decimal Classification | Non-fiction | JCC Rouf Library | JCC Rouf Library | General Stacks | 12/13/2025 | 954.92 AHA 2012 | 20341 | 12/13/2025 | P-1,C-1 | Purchase | Books | BDT | ||||
| Dewey Decimal Classification | Non-fiction | JCC Rouf Library | JCC Rouf Library | General Stacks | 12/13/2025 | 954.92 AHA 2012 | 20342 | 01/29/2026 | P-1,C-2 | Purchase | Books | BDT | 1 | 01/28/2026 | ||
| Dewey Decimal Classification | Non-fiction | JCC Rouf Library | JCC Rouf Library | General Stacks | 12/13/2025 | 954.92 AHA 2012 | 20343 | 12/13/2025 | P-2,C-1 | Purchase | Books | BDT | ||||
| Dewey Decimal Classification | Non-fiction | JCC Rouf Library | JCC Rouf Library | General Stacks | 12/13/2025 | 954.92 AHA 2012 | 20344 | 12/13/2025 | P-2,C-2 | Purchase | Books | BDT |